000 00689nam a2200253Ia 4500
003 OSt
005 20220924132037.0
006 a|||||r|||| 00| 0
007 ta
008 220923b |||||||| |||| 00| 0 tel d
020 _cRs.7.
024 _a340318
037 _cTextual
040 _aARTS
_cARTS
_btel
041 _2tel
_atel
082 _aV2;51:N3, 35K4
100 _aVallabhaneni Ranga Devi Au.
_9203592
245 0 _aMahojwala Viplava Jwalalu
260 _aYeluru
_bPraja Prachuranalu India
_c1964
300 _a379p.
_ccm.
650 _aHISTORY
942 _hV2;51:N3, 35K4
_cTEXL
_2CC
999 _c429055
_d429055